Những điều cần biết về luật biển

Biển và lịch sử phát triển của luật biển. Các vùng biển và chế độ pháp lý của chúng. Phân định vùng biển. Giải quyết tranh chấp

Enregistré dans:
Détails bibliographiques
Auteur principal: Nguyễn, Hồng Thao
Format: Livre
Langue:Undetermined
Publié: Hà Nội Công an nhân dân 1997
Sujets:
Tags: Ajouter un tag
Pas de tags, Soyez le premier à ajouter un tag!
Thư viện lưu trữ: Trung tâm Học liệu Trường Đại học Cần Thơ
LEADER 00818nam a2200205Ia 4500
001 CTU_36867
008 210402s9999 xx 000 0 und d
020 |c 25000 
082 |a 341.7566 
082 |b Th108 
100 |a Nguyễn, Hồng Thao 
245 0 |a Những điều cần biết về luật biển 
245 0 |c Nguyễn Hồng Thao 
260 |a Hà Nội 
260 |b Công an nhân dân 
260 |c 1997 
520 |a Biển và lịch sử phát triển của luật biển. Các vùng biển và chế độ pháp lý của chúng. Phân định vùng biển. Giải quyết tranh chấp 
650 |a International law,Maritime law 
904 |i Minh, 000610 (Nguyên sửa) 
980 |a Trung tâm Học liệu Trường Đại học Cần Thơ